000 00779nam a2200241Ia 4500
003 OSt
005 20220923223255.0
006 a|||||r|||| 00| 0
007 ta
008 220922b |||||||| |||| 00| 0 hin d
024 _a212,731
037 _cTextual
040 _aARTS
_cARTS
_bhin
041 _2hin
_ahin
082 _aO152,3N25,BK, L3
100 _aलाल, लक्ष्मी नारायण
245 0 _aबड़के भैया
246 _aBaड़ke bhaiyā
260 _aइलाहाबाद
_b साहित्य-भवन
_c1973
650 _aहिन्दी साहित्य
_9156264
942 _hO152,3N25,BK, L3
_cTEXL
_2CC
999 _c363005
_d363005